00577cam a22001574a 4500020002500000082001300025100002100038245007200059260006800131300003500199504005100234650003100285650004300316650000300359856005700362 a9780521191487 (hbk.)00a344.51011 aBrown, Ronald C.10aUnderstanding labor and employment law in China /cRonald C. Brown. aCambridge ;aNew York, NY :bCambridge University Press,c2010. axiv, 332 p. :bforms ;c24 cm. aIncludes bibliographical references and index. 0aLabor laws and legislation 0aNLS2024, NLSETEXTBOOKS, NLSEBOOKBANK | 0 uhttp://10.250.8.41:8080/xmlui/handle/123456789/47849